random easy quiz - Statistics

General Stats
  • This quiz has been taken 58 times
  • The average score is 31 of 36
Answer Stats
Question Tile Select % Correct
Which of these flags only have 2 colours? No
100%
Which of these flags only have 2 colours? No
100%
Which of these flags only have 2 colours? No
100%
Which of these flags only have 2 colours? Yes
100%
Which of these flags only have 2 colours? No
100%
Which of these flags only have 2 colours? Yes
100%
Which of these flags only have 2 colours? Yes
98%
Which of these flags only have 2 colours? Yes
96%
Which of these flags only have 2 colours? Yes
96%
Which of these is in London? No
96%
Which of these is in London? No
96%
Which of these is in London? No
96%
Which of these is in London? No
94%
Which of these have traffic lights in them? Yes
94%
Which of these have traffic lights in them? No
94%
Which of these have traffic lights in them? No
94%
Which of these have traffic lights in them? No
94%
Which of these have traffic lights in them? No
94%
Which of these have traffic lights in them? No
94%
Which of these is in London? Yes
91%
Which of these is in London? No
91%
Which of these have traffic lights in them? Yes
91%
Which of these is in London? Yes
89%
Which of these numbers only have 1 digit? 1 Yes
89%
Which of these have traffic lights in them? Yes
87%
Which of these is in London? Yes
83%
Which of these have traffic lights in them? Yes
74%
Which of these numbers only have 1 digit? 1,111 No
72%
Which of these numbers only have 1 digit? 11,111 No
72%
Which of these numbers only have 1 digit? 111,111 No
72%
Which of these numbers only have 1 digit? 1,111,111 No
72%
Which of these numbers only have 1 digit? 11,111,111 No
72%
Which of these numbers only have 1 digit? 111,111,111 No
72%
Which of these numbers only have 1 digit? 11 No
70%
Which of these numbers only have 1 digit? 111 No
70%
Which of these is in London? Yes
45%
No matching quizzes found
Score Distribution
Percent of People with Each Score
Percentile by Number Answered
Your Score History
You have not taken this quiz